00362nam a2200145Ia 4500008004100000020001500041082001500056100001500071245004400086250000800130260003100138300000800169500002500177650001400202230524s9999 xx 000 0 und d a0333975047 a541.3bKAP aK.L.Kapoor 2aA Text Book of Physical Chemistry Vol-1 a3RD aNEW DELHIbMacmillanc2003 a496 aQuantity Number: 10 aChemistry